| 000 | 00949cam a2200277 a 4500 | ||
|---|---|---|---|
| 001 | 000005952 | ||
| 003 | OSt | ||
| 005 | 20200929151846.0 | ||
| 008 | 940222s1992 sp a 001 p spa c | ||
| 020 | _a8478201378 | ||
| 040 |
_aDO-SdBNP _bspa _cBNPHU |
||
| 082 |
_a861.64 _bM337a |
||
| 100 | 1 |
_aMarín Uriol, Miguel Ángel, _d1945- _916759 |
|
| 245 | 1 | 0 |
_aA la luz del leberinto / _cMiguel Ángel Marín Uriol. |
| 260 |
_aZarogoza, España : _bInstitución "Fernando el Católico, _c1992. |
||
| 300 |
_a57 p. : _bil. ; _c25 cm. |
||
| 490 | 1 |
_a"San Jorge" _v65 |
|
| 490 | 1 |
_aPublicación de la Institución "Fernando el Católico" _v1315 |
|
| 586 | _aPremio del VII concurso Isabel de Portugal. | ||
| 650 | 4 |
_aPoesía española _9631 |
|
| 650 | 4 |
_aLiteratura española _ySIGLO XX _93326 |
|
| 830 | 0 |
_aSan Jorge, 65 _916761 |
|
| 830 | 0 |
_aPublicación de la Institución "Fernando el Católico" _n1315 _916762 |
|
| 942 |
_2ddc _cLF1 |
||
| 956 | _aLOPEREZ | ||
| 999 |
_c5748 _d5748 |
||